000 00341nam a2200145Ia 4500
008 200103s9999||||xx |||||||||||||| ||und||
040 _aIMU-MPC
082 _aColumn-40
100 _aBallaney, P. L.
245 0 _aInternal Combustion Engine
250 _a2nd ed.
260 _bKhanna Publishers, Delhi
_c1986
300 _a471
942 _cBK
999 _c8489
_d8489